| 000 | 00752nam a2200241 a 4500 | ||
|---|---|---|---|
| 001 | 000008808 | ||
| 005 | 20200929161418.0 | ||
| 008 | 890406s1991 sp 000 1 spa c | ||
| 010 | _a89130196 | ||
| 020 | _a8401429684 | ||
| 040 |
_aDO-SdBNP _cMH _dBNPHU |
||
| 082 |
_aPe863.44 _bB916u |
||
| 100 | 1 |
_aBryce Echenique, Alfredo, _d1939- _915067 |
|
| 245 | 1 | 3 |
_aLa ultima mudanza de Felipe Carrillo / _cAlfredo Bryce Echenique. |
| 260 |
_aEsplugues de Llobregat, Barcelona : _bPlaza & Janes, _c1991. |
||
| 300 |
_a218 p. ; _c19 cm. |
||
| 490 | 1 |
_aP & J literaria _v115/8 |
|
| 650 | 4 |
_aNovela peruana _912569 |
|
| 650 | 4 |
_aLiteratura peruana _93140 |
|
| 830 | 0 |
_aP & J literaria _v115/8 _910613 |
|
| 910 | _aCatalogación por copia / LC | ||
| 049 | _aBNGR | ||
| 999 |
_c8577 _d8577 |
||